Where Women Are (Record no. 257447)
[ view plain ]
| 000 -LEADER | |
|---|---|
| fixed length control field | 00347nam a22001457a 4500 |
| 003 - CONTROL NUMBER IDENTIFIER | |
| control field | OSt |
| 005 - DATE AND TIME OF LATEST TRANSACTION | |
| control field | 20190121110000.0 |
| 008 - FIXED-LENGTH DATA ELEMENTS--GENERAL INFORMATION | |
| fixed length control field | 190121b xxu||||| |||| 00| 0 eng d |
| 020 ## - INTERNATIONAL STANDARD BOOK NUMBER | |
| International Standard Book Number | 9789966028815 |
| 040 ## - CATALOGING SOURCE | |
| Transcribing agency | n/a |
| 100 ## - MAIN ENTRY--PERSONAL NAME | |
| Personal name | Nanjala Nyabola |
| 245 ## - TITLE STATEMENT | |
| Title | Where Women Are |
| 260 ## - PUBLICATION, DISTRIBUTION, ETC. (IMPRINT) | |
| Place of publication, distribution, etc | Nairobi |
| Name of publisher, distributor, etc | Twaweza Communications |
| Date of publication, distribution, etc | 2017 |
| 942 ## - ADDED ENTRY ELEMENTS (KOHA) | |
| Source of classification or shelving scheme | Library of Congress Classification |
| Koha item type | Long Loan Books |
| Withdrawn status | Lost status | Source of classification or shelving scheme | Damaged status | Not for loan | Collection code | Home library | Current library | Shelving location | Date acquired | Total Checkouts | Full call number | Barcode | Date last seen | Price effective from | Koha item type | Date checked out |
|---|---|---|---|---|---|---|---|---|---|---|---|---|---|---|---|---|
| Library of Congress Classification | Non-fiction | Rongo University Library | Rongo University Library | General Stacks | 21/01/2019 | HQ1236.N933 2017 | 201901563 | 21/01/2019 | 21/01/2019 | Long Loan Books | ||||||
| Library of Congress Classification | Non-fiction | Rongo University Library | Rongo University Library | General Stacks | 21/01/2019 | HQ1236.N933 2017 | 201901564 | 21/01/2019 | 21/01/2019 | Long Loan Books | ||||||
| Library of Congress Classification | Non-fiction | Rongo University Library | Rongo University Library | General Stacks | 21/01/2019 | 1 | HQ1236.N933 2017 | 201901565 | 03/03/2025 | 21/01/2019 | Long Loan Books | 19/02/2025 |
